Missing Member: Entertainment Quiz Stats

 Plays Quiz Updated Nov 7, 2020

Support Sporcle.
Go Orange.
Score 0/14 Timer 04:00
8 Plays Today
Question Answer Wrong Answers
Donald Duck's Nephews Louie
98.1%
Baby Huey
0.4%
Daffy Duck
0.7%
Cartoon Duck
0.3%
The Powerpuff Girls Buttercup
92.6%
Didi
2.9%
Helga
0.6%
Mojo Jojo
0.4%
Fantastic Four Thing
91.6%
Spiderman
2.4%
Thor
3.5%
Doctor Strange
2.4%
Baldwin Brothers William Baldwin
90.2%
Michael Shannon
2.3%
Jude Law
2.5%
Donnie Wahlberg
4.6%
Kardashian/Jenner Sisters Kendall Jenner
83.2%
Kris Jenner
11%
Nicole Richie
0.7%
Jennifer Garner
1.6%
Original Justice League The Flash
77.6%
Shazam
9.6%
Green Arrow
7.8%
The Penguin
0.9%
Writers of South Pacific and The King and I Oscar Hammerstein
66.7%
Stephen Sondheim
11.7%
Andrew Lloyd Webber
12.4%
W.S. Gilbert
7.7%
Teenage Mutant Ninja Turtles Headband Colors Purple
62.8%
Black
3.2%
Yellow
27.1%
White
3.1%
Sean Penn's Wives Madonna
61.9%
Julia Roberts
10.4%
Jodie Foster
13.8%
Helen Hunt
11.8%
Crimebusters (Watchmen) Silke Spectre
56%
Catwoman
11%
Storm
15.3%
Elektra
14.3%
Original X-Men Iceman
38.3%
Hulk
15.4%
Magneto
33.5%
Juggernaut
11.3%
EGOT Awards Tony
37.4%
SAG Award
28.2%
Golden Globe
28.7%
Nobel Prize
2.9%
Stephen Sondheim Shows to Win a 'Best Musical' Tony Sweeney Todd
30.1%
Into the Woods
21.7%
Cats
24%
Phantom of the Opera
20.4%
Ginyu Force (Dragon Ball Z) Captain Genyu
29%
Goku
37.4%
Vegeta
18.1%
Nappa
13%

You're not logged in!

Compare scores with friends on all Sporcle quizzes.
OR
Log In

From the Vault

World Language Sorting Blitz II

by jyrops

If you know these words, you might be able to convince people that you're multilingual.
Remove Ads.
Support Sporcle.
Get the best of Sporcle when you Go Orange. This ad-free experience offers more features, more stats, and more fun while also helping to support Sporcle. Thank you for becoming a member.

Show Comments

Extras

Top Quizzes Today


Score Distribution

Your Account Isn't Verified!

In order to create a playlist on Sporcle, you need to verify the email address you used during registration. Go to your Sporcle Settings to finish the process.

Report this User

Report this user for behavior that violates our Community Guidelines.

Details: